| 000 | 01306nam a22002657a 4500 | ||
|---|---|---|---|
| 003 | 0 | ||
| 005 | 20251113145618.0 | ||
| 008 | 251113b xxu||||| |||| 00| 0 eng d | ||
| 020 | _a978-142310149-9 | ||
| 050 |
_aPZ 7 _b.R4829 Bat 2008 |
||
| 100 |
_aRiordan, Rick, _eauthor. |
||
| 245 |
_aPercy Jackson and the olympians : _bThe Battle of the Labyrinth / _cRick Riordan. |
||
| 260 |
_aNew York : _bDisney/Hyperion Books, _c2008. |
||
| 300 |
_a361 pages ; _c20 cm. |
||
| 490 |
_aPercy Jackson & the Olympians ; _vbk. 4 |
||
| 500 | _aSequel to: The Titan’s curse. Followed by: The Last Olympian. Fourth book in the Percy Jackson & the Olympians series. | ||
| 520 | _aWhen demonic cheerleaders attack him at his new school, Percy Jackson discovers that the evil Titan lord Kronos is once again threatening to rise from the pit of Tartarus. To stop him, Percy and his friends must navigate the deadly Labyrinth and prevent Kronos's army from invading Camp Half-Blood. | ||
| 650 |
_aJackson, Percy (Fictitious character) _vJuvenile fiction. |
||
| 650 |
_aMonsters _vJuvenile fiction. |
||
| 650 |
_aMythology, Greek _vJuvenile fiction. |
||
| 650 |
_aAdventure and adventurers _vJuvenile fiction. |
||
| 650 | _aFantasy Fiction. | ||
| 830 |
_aPercy Jackson & the Olympians ; _sbk. 4. |
||
| 942 |
_2lcc _cBK |
||
| 999 |
_c368627 _d368627 |
||